Medagliere Biathlon ai Giochi Olimpici - Statistics

Statistiche generali
  • Questo quiz è stato fatto 23 volte
  • Il punteggio medio è 14 su 16
Statistiche sulle risposte
Medaglie complessive Medaglie d'Oro Medaglie d'Argento Medaglie di Bronzo Rappresentativa olimpica % Corretto
54 20 21 13 Germania
100%
7 0 1 6 Italia
100%
55 22 18 15 Norvegia
100%
6 0 4 2 Finlandia
95%
32 12 9 11 Francia
95%
23 10 5 8 Russia
95%
11 4 4 3 Bielorussia
90%
18 6 6 6 Svezia
90%
6 0 3 3 Austria
85%
8 0 4 4 Repubblica Ceca
80%
7 3 3 1 Slovacchia
80%
11 3 4 4 Germania Est
75%
5 1 1 3 Ucraina
75%
19 9 5 5 Unione Sovietica
75%
5 1 2 2 Germania Ovest
70%
6 2 2 2 Squadra Unificata
70%
Nessun quiz corrispondente trovato
Distribuzione punteggi
Percentuale di utenti per punteggio
Percentile per numero di risposta
I tuoi punteggi nel tempo
Non hai fatto questo quiz